[Event "Moscow Aeroflot op-A"]
[Site "Moscow"]
[Date "2020.02.25"]
[Round "7"]
[White "Sargsyan, Shant"]
[Black "Pranesh, M."]
[Result "1-0"]
[WhiteElo "2594"]
[BlackElo "2425"]
[PlyCount "79"]
[EventDate "2020.02.19"]
[EventType "swiss"]
[EventRounds "9"]
[EventCountry "RUS"]
[SourceTitle "CBM 195"]
[Source "ChessBase"]
[SourceDate "2020.04.30"]
[SourceVersion "1"]
[SourceVersionDate "2020.04.30"]
[SourceQuality "1"]

1. e4 e5 2. Nf3 Nc6 3. Bc4 Nf6 4. Ng5 d5 5. exd5 Na5 6. Bb5+ c6 7. dxc6 bxc6 8.
Bd3 Nd5 9. Nf3 Bd6 10. O-O Nf4 11. Nc3 Nxd3 12. cxd3 O-O 13. b3 Re8 14. Re1 c5
15. Ba3 Nb7 16. Rc1 Qa5 17. Bb2 Bg4 18. h3 Bh5 19. Ne4 f6 20. Bc3 Qa6 21. g4
Bf7 22. g5 Be7 23. gxf6 Bxf6 24. Nxf6+ gxf6 25. Nh4 Kh8 26. f4 Rad8 27. Re3
Rg8+ 28. Kf2 Nd6 29. fxe5 Nb5 30. e6 Nxc3 31. Qf3 Nd5 32. exf7 Rgf8 33. Rg1 f5
34. Qxd5 Qf6 35. Qe5 Rxf7 36. Qxf6+ Rxf6 37. Nf3 f4 38. Re7 a6 39. Rgg7 Rg8 40.
Rxh7# 1-0

[Event "Moscow Aeroflot op-A"]
[Site "Moscow"]
[Date "2020.02.25"]
[Round "7"]
[White "Savchenko, Boris"]
[Black "Jumabayev, Rinat"]
[Result "0-1"]
[WhiteElo "2573"]
[BlackElo "2646"]
[PlyCount "62"]
[EventDate "2020.02.19"]
[EventType "swiss"]
[EventRounds "9"]
[EventCountry "RUS"]
[SourceTitle "CBM 195"]
[Source "ChessBase"]
[SourceDate "2020.04.30"]
[SourceVersion "1"]
[SourceVersionDate "2020.04.30"]
[SourceQuality "1"]

1. e4 e5 2. Nf3 Nc6 3. Bc4 Nf6 4. d3 Be7 5. O-O O-O 6. a4 d5 7. exd5 Nxd5 8.
Re1 Bg4 9. h3 Bxf3 10. Qxf3 Nb6 11. Ba2 Nxa4 12. Nc3 Nd4 13. Qd1 Nxc3 14. bxc3
Nb5 15. Bb2 Bf6 16. Rb1 Rb8 17. Bc4 Nd6 18. Ba3 Re8 19. Ba2 Qd7 20. Qg4 Qc6 21.
d4 exd4 22. cxd4 Rxe1+ 23. Rxe1 Qc3 24. Re3 Qa1+ 25. Kh2 Qxa2 26. Qd7 Bxd4 27.
Qxc7 Ra8 28. Rd3 Be5+ 29. g3 Qc4 30. Qd7 Qxc2 31. Rf3 Qc6 0-1

[Event "Moscow Aeroflot op-A"]
[Site "Moscow"]
[Date "2020.02.25"]
[Round "7"]
[White "Sengupta, Deep"]
[Black "Kozionov, Kirill"]
[Result "1-0"]
[WhiteElo "2534"]
[BlackElo "2466"]
[PlyCount "81"]
[EventDate "2020.02.19"]
[EventType "swiss"]
[EventRounds "9"]
[EventCountry "RUS"]
[SourceTitle "CBM 195"]
[Source "ChessBase"]
[SourceDate "2020.04.30"]
[SourceVersion "1"]
[SourceVersionDate "2020.04.30"]
[SourceQuality "1"]

1. d4 Nf6 2. Nf3 g6 3. g3 Bg7 4. Bg2 O-O 5. O-O d6 6. a4 Nbd7 7. a5 c6 8. Re1
Qc7 9. e4 e5 10. Nc3 Rb8 11. dxe5 dxe5 12. Be3 b5 13. axb6 axb6 14. Nd2 Rd8 15.
b4 Nf8 16. b5 Bb7 17. Ra7 Ra8 18. Rxa8 Bxa8 19. bxc6 Bxc6 20. Qb1 b5 21. Bg5
Rc8 22. Bxf6 Bxf6 23. Nf1 Qa5 24. Bh3 Bd7 25. Bxd7 Rxc3 26. Bxb5 Rxc2 27. Qxc2
Qxe1 28. Bc4 Kg7 29. Qa2 Qxe4 30. Bxf7 Bg5 31. h4 Bh6 32. Bd5 Qf5 33. Qc4 Qd7
34. Nh2 Kh8 35. Nf3 Qd6 36. Qa2 Kg7 37. Qa8 Qe7 38. Kg2 Bc1 39. Qa1 Bh6 40.
Nxe5 Qf6 41. f4 1-0

[Event "Moscow Aeroflot op-A"]
[Site "Moscow"]
[Date "2020.02.25"]
[Round "7"]
[White "Shimanov, Aleksandr"]
[Black "Shtembuliak, Evgeny"]
[Result "1-0"]
[WhiteElo "2587"]
[BlackElo "2628"]
[PlyCount "95"]
[EventDate "2020.02.19"]
[EventType "swiss"]
[EventRounds "9"]
[EventCountry "RUS"]
[SourceTitle "CBM 195"]
[Source "ChessBase"]
[SourceDate "2020.04.30"]
[SourceVersion "1"]
[SourceVersionDate "2020.04.30"]
[SourceQuality "1"]

1. d4 g6 2. e4 Bg7 3. Nc3 d6 4. Be3 a6 5. Qd2 b5 6. f3 Nd7 7. h4 h5 8. Nh3 Bb7
9. Ng5 e6 10. O-O-O Ngf6 11. Kb1 Qe7 12. a3 Rd8 13. Rg1 O-O 14. g4 c5 15. gxh5
Nxh5 16. Be2 cxd4 17. Bxd4 Bxd4 18. Qxd4 Nf4 19. Qe3 e5 20. Bf1 Nf6 21. Nh3
Nxh3 22. Bxh3 Kg7 23. Rdf1 Rh8 24. f4 Rxh4 25. f5 Bxe4 26. fxg6 Bxg6 27. Bf5
Rdh8 28. Ne2 R8h6 29. Ng3 Kh7 30. Bxg6+ fxg6 31. Qg5 Rf4 32. Ne2 Rf5 33. Rxf5
gxf5 34. Qxf5+ Kh8 35. Qc8+ Kh7 36. Qf5+ Kh8 37. Qc8+ Kh7 38. Qxa6 Rg6 39. Rh1+
Rh6 40. Rd1 d5 41. Qxb5 Kg6 42. Nc3 d4 43. Rg1+ Kf7 44. Qc4+ Ke8 45. Nd5 Nxd5
46. Qc8+ Kf7 47. Qg8+ Kf6 48. Qg5+ 1-0

[Event "Moscow Aeroflot op-A"]
[Site "Moscow"]
[Date "2020.02.25"]
[Round "7"]
[White "Shubin, Kirill"]
[Black "Nikitenko, Mihail"]
[Result "1-0"]
[WhiteElo "2427"]
[BlackElo "2440"]
[PlyCount "81"]
[EventDate "2020.02.19"]
[EventType "swiss"]
[EventRounds "9"]
[EventCountry "RUS"]
[SourceTitle "CBM 195"]
[Source "ChessBase"]
[SourceDate "2020.04.30"]
[SourceVersion "1"]
[SourceVersionDate "2020.04.30"]
[SourceQuality "1"]

1. e4 c6 2. d4 d5 3. exd5 cxd5 4. Bd3 Nc6 5. c3 Nf6 6. Bf4 Bg4 7. Qb3 Qd7 8.
Nd2 e6 9. Ngf3 Bxf3 10. Nxf3 Bd6 11. Bxd6 Qxd6 12. O-O O-O 13. Rfe1 Rab8 14. a4
Qc7 15. Qc2 h6 16. Qe2 Nd7 17. b4 a6 18. b5 Ne7 19. Rac1 Nc8 20. Bb1 Ncb6 21.
Qc2 Nf6 22. Ne5 Rfc8 23. f4 Ne4 24. Qe2 Nxc3 25. Qd3 f5 26. g4 Nbxa4 27. gxf5
Qe7 28. f6 gxf6 29. Kh1 f5 30. Rg1+ Kh7 31. Qxf5+ exf5 32. Bxf5+ Kh8 33. Ng6+
Kg7 34. Nxe7+ Kf6 35. Bxc8 Kxe7 36. Bh3 Kf6 37. f5 Nxb5 38. Rg6+ Kf7 39. Rcg1
Nxd4 40. Rg7+ Kf6 41. R1g6+ 1-0

[Event "Moscow Aeroflot op-A"]
[Site "Moscow"]
[Date "2020.02.25"]
[Round "7"]
[White "Sindarov, Javokhir"]
[Black "Praggnanandhaa, Rameshbabu"]
[Result "1/2-1/2"]
[WhiteElo "2537"]
[BlackElo "2602"]
[PlyCount "76"]
[EventDate "2020.02.19"]
[EventType "swiss"]
[EventRounds "9"]
[EventCountry "RUS"]
[SourceTitle "CBM 195"]
[Source "ChessBase"]
[SourceDate "2020.04.30"]
[SourceVersion "1"]
[SourceVersionDate "2020.04.30"]
[SourceQuality "1"]

1. e4 c5 2. Nc3 Nc6 3. Nge2 Nf6 4. d4 cxd4 5. Nxd4 e5 6. Ndb5 d6 7. Bg5 a6 8.
Na3 b5 9. Nd5 Be7 10. Bxf6 Bxf6 11. c4 b4 12. Nc2 O-O 13. g3 a5 14. h4 Be6 15.
Bh3 g6 16. Kf1 h5 17. Nxf6+ Qxf6 18. b3 a4 19. Kg2 Nd4 20. Nxd4 exd4 21. Rc1
axb3 22. axb3 Ra2 23. Rc2 Rfa8 24. Bxe6 fxe6 25. Rf1 e5 26. Rxa2 Rxa2 27. Qe1
g5 28. hxg5 Qxg5 29. Qxb4 h4 30. Qb8+ Kh7 31. Qc7+ Kh6 32. Qxd6+ Kh5 33. Kg1
hxg3 34. f4 exf4 35. Qxd4 Re2 36. Qh8+ Kg4 37. Qc8+ Kh4 38. Qh8+ Kg4 1/2-1/2

[Event "Moscow Aeroflot op-A"]
[Site "Moscow"]
[Date "2020.02.25"]
[Round "7"]
[White "Sivuk, Vitaly"]
[Black "Pogosyan, Stefan"]
[Result "1-0"]
[WhiteElo "2557"]
[BlackElo "2455"]
[PlyCount "89"]
[EventDate "2020.02.19"]
[EventType "swiss"]
[EventRounds "9"]
[EventCountry "RUS"]
[SourceTitle "CBM 195"]
[Source "ChessBase"]
[SourceDate "2020.04.30"]
[SourceVersion "1"]
[SourceVersionDate "2020.04.30"]
[SourceQuality "1"]

1. d4 Nf6 2. c4 e6 3. Nc3 Bb4 4. g3 O-O 5. Bg2 d6 6. Nf3 Nc6 7. O-O e5 8. Na4
exd4 9. a3 Bc5 10. b4 Bb6 11. Bb2 Re8 12. Re1 Bd7 13. Nxb6 axb6 14. Nxd4 Nxd4
15. Qxd4 Bc6 16. e4 b5 17. cxb5 Bxb5 18. e5 dxe5 19. Qxd8 Raxd8 20. Bxb7 Rd2
21. Bxe5 Ng4 22. Bf4 Rxe1+ 23. Rxe1 Ra2 24. Ba6 Ba4 25. Bxc7 h5 26. f3 Nf2 27.
Re2 Nh3+ 28. Kg2 Rxa3 29. b5 Ng5 30. Rb2 Bd1 31. Bb7 Ra7 32. Bd5 Rxc7 33. b6
Rc8 34. b7 Rb8 35. Ra2 Bb3 36. Ra8 Bxd5 37. Rxb8+ Kh7 38. Rh8+ Kxh8 39. b8=Q+
Kh7 40. Qe5 Bxf3+ 41. Kf2 f6 42. Qf5+ Kg8 43. Qc8+ Kh7 44. h4 Bg4 45. Qc2+ 1-0

[Event "Moscow Aeroflot op-A"]
[Site "Moscow"]
[Date "2020.02.25"]
[Round "7"]
[White "Soumya, Swaminathan"]
[Black "Karthik, Venkataraman"]
[Result "0-1"]
[WhiteElo "2369"]
[BlackElo "2483"]
[PlyCount "90"]
[EventDate "2020.02.19"]
[EventType "swiss"]
[EventRounds "9"]
[EventCountry "RUS"]
[SourceTitle "CBM 195"]
[Source "ChessBase"]
[SourceDate "2020.04.30"]
[SourceVersion "1"]
[SourceVersionDate "2020.04.30"]
[SourceQuality "1"]

1. e4 e6 2. d4 d5 3. Nc3 Bb4 4. e5 Qd7 5. a3 Bxc3+ 6. bxc3 b6 7. Qg4 f5 8. Qg3
Nc6 9. h4 Bb7 10. Nh3 O-O-O 11. Nf4 Qf7 12. a4 Nge7 13. Be2 Na5 14. Ba3 Nec6
15. Bd3 Kb8 16. Ke2 Nc4 17. Rhb1 Nxa3 18. Rxa3 Na5 19. Raa1 Rc8 20. Ke1 Ka8 21.
Nh3 c5 22. Ng5 Qe7 23. f4 Rc7 24. Nf3 Rhc8 25. Kf1 Qe8 26. Nd2 Qf8 27. Qf2 cxd4
28. cxd4 Rc3 29. Kg1 R8c7 30. Qe1 Qc8 31. Nf1 Ba6 32. Bxa6 Qxa6 33. Ne3 Qc8 34.
Ra2 h6 35. Rbb2 Qe8 36. Qe2 Qd8 37. Qe1 g5 38. hxg5 hxg5 39. Nd1 R3c4 40. c3
gxf4 41. Qf2 Qg5 42. Qf3 Rh7 43. Rb1 Rc8 44. Rf2 Rh4 45. Rb5 Nc4 0-1

[Event "Moscow Aeroflot op-A"]
[Site "Moscow"]
[Date "2020.02.25"]
[Round "7"]
[White "Stupak, Kirill"]
[Black "Zarubitski, Viachaslau"]
[Result "1/2-1/2"]
[WhiteElo "2518"]
[BlackElo "2432"]
[PlyCount "39"]
[EventDate "2020.02.19"]
[EventType "swiss"]
[EventRounds "9"]
[EventCountry "RUS"]
[SourceTitle "CBM 195"]
[Source "ChessBase"]
[SourceDate "2020.04.30"]
[SourceVersion "1"]
[SourceVersionDate "2020.04.30"]
[SourceQuality "1"]

1. Nf3 Nf6 2. c4 c6 3. d4 d5 4. Nc3 dxc4 5. e4 b5 6. Be2 e6 7. O-O Bb7 8. b3
cxb3 9. Qxb3 Be7 10. e5 Nd5 11. Ne4 h6 12. Bd2 a5 13. Ne1 Qb6 14. Nc2 Nd7 15.
Qg3 g6 16. Rab1 Ba6 17. Rfc1 b4 18. Bxa6 Qxa6 19. Ne3 Nxe3 20. Qxe3 1/2-1/2

[Event "Moscow Aeroflot op-A"]
[Site "Moscow"]
[Date "2020.02.25"]
[Round "7"]
[White "Yilmaz, Mustafa"]
[Black "Petrosyan, Manuel"]
[Result "1/2-1/2"]
[WhiteElo "2607"]
[BlackElo "2590"]
[PlyCount "37"]
[EventDate "2020.02.19"]
[EventType "swiss"]
[EventRounds "9"]
[EventCountry "RUS"]
[SourceTitle "CBM 195"]
[Source "ChessBase"]
[SourceDate "2020.04.30"]
[SourceVersion "1"]
[SourceVersionDate "2020.04.30"]
[SourceQuality "1"]

1. Nf3 d5 2. d4 Nf6 3. c4 e6 4. Nc3 Bb4 5. cxd5 exd5 6. Bf4 O-O 7. e3 c5 8.
dxc5 Ne4 9. Rc1 Qa5 10. Bd3 Nd7 11. O-O Bxc3 12. bxc3 Ndxc5 13. Bb1 Be6 14. Qe1
Qa6 15. Nd4 Nd3 16. Bxd3 Qxd3 17. f3 Nc5 18. Qg3 Qg6 19. Qxg6 1/2-1/2

[Event "Moscow Aeroflot op-A"]
[Site "Moscow"]
[Date "2020.02.25"]
[Round "7"]
[White "Zhou, Jianchao"]
[Black "Antipov, Mikhail Al"]
[Result "1/2-1/2"]
[WhiteElo "2622"]
[BlackElo "2562"]
[PlyCount "35"]
[EventDate "2020.02.19"]
[EventType "swiss"]
[EventRounds "9"]
[EventCountry "RUS"]
[SourceTitle "CBM 195"]
[Source "ChessBase"]
[SourceDate "2020.04.30"]
[SourceVersion "1"]
[SourceVersionDate "2020.04.30"]
[SourceQuality "1"]

1. g3 g6 2. Bg2 Bg7 3. c4 c5 4. Nc3 Nc6 5. d3 a6 6. e3 b5 7. Nge2 Rb8 8. O-O
Nf6 9. b3 O-O 10. Bb2 bxc4 11. dxc4 Bb7 12. Qd2 Nb4 13. e4 d6 14. Nd5 Nbxd5 15.
exd5 Bc8 16. Nc3 Bd7 17. Rae1 a5 18. Ne4 1/2-1/2

[Event "Moscow Aeroflot op-A"]
[Site "Moscow"]
[Date "2020.02.25"]
[Round "7"]
[White "Zvjaginsev, Vadim"]
[Black "Asadli, Vugar Afgan Oglu"]
[Result "1/2-1/2"]
[WhiteElo "2623"]
[BlackElo "2538"]
[PlyCount "68"]
[EventDate "2020.02.19"]
[EventType "swiss"]
[EventRounds "9"]
[EventCountry "RUS"]
[SourceTitle "CBM 195"]
[Source "ChessBase"]
[SourceDate "2020.04.30"]
[SourceVersion "1"]
[SourceVersionDate "2020.04.30"]
[SourceQuality "1"]

1. e4 e5 2. Nf3 Nc6 3. d4 exd4 4. Nxd4 Bc5 5. Nxc6 Qf6 6. Qf3 dxc6 7. Nc3 Be6
8. Be3 Qxf3 9. gxf3 Bxe3 10. fxe3 Nf6 11. Rg1 g6 12. Ne2 Nh5 13. Rd1 Ke7 14.
Nd4 Bd7 15. Rg5 b6 16. Rg2 Rhd8 17. Rgd2 Ng7 18. Bc4 a5 19. a3 Be8 20. f4 c5
21. Nb5 Rxd2 22. Rxd2 Rc8 23. Bf1 Bxb5 24. Bxb5 c6 25. Bf1 f6 26. h4 Rd8 27.
Rg2 b5 28. b3 Ne8 29. h5 Kf7 30. hxg6+ hxg6 31. Rh2 Kg7 32. Bh3 Nd6 33. Rd2 Kf8
34. Bf1 Ke7 1/2-1/2

[Event "Moscow Aeroflot op-A"]
[Site "Moscow"]
[Date "2020.02.26"]
[Round "8"]
[White "Adhiban, Baskaran"]
[Black "Mamedov, Rauf"]
[Result "1/2-1/2"]
[WhiteElo "2654"]
[BlackElo "2643"]
[PlyCount "147"]
[EventDate "2020.02.19"]
[EventType "swiss"]
[EventRounds "9"]
[EventCountry "RUS"]
[SourceTitle "CBM 195"]
[Source "ChessBase"]
[SourceDate "2020.04.30"]
[SourceVersion "1"]
[SourceVersionDate "2020.04.30"]
[SourceQuality "1"]

1. d4 d5 2. c4 c6 3. Nc3 Nf6 4. cxd5 cxd5 5. Bf4 Nc6 6. e3 Bf5 7. Qb3 Na5 8.
Qa4+ Bd7 9. Qc2 e6 10. Nf3 Ne4 11. Bd3 f5 12. O-O Rc8 13. Ne5 Bb4 14. Qe2 O-O
15. Nxe4 fxe4 16. Bb5 Bxb5 17. Qxb5 Bd6 18. Rac1 a6 19. Qd7 Qxd7 20. Nxd7 Rxc1
21. Rxc1 Rd8 22. Bxd6 Rxd7 23. Rc8+ Kf7 24. Bc5 Nc6 25. f3 exf3 26. gxf3 Ne7
27. Bxe7 Kxe7 28. Kf2 Rd8 29. Rc1 Kd7 30. Kg3 Rf8 31. h4 Rf5 32. f4 Rf6 33. Kf3
Rf5 34. Rg1 g6 35. Rg5 Ke7 36. Rg2 Rf8 37. Rc2 Kd7 38. Kg4 a5 39. a4 h6 40. b3
b6 41. Rg2 Rf5 42. Kh3 Rf6 43. h5 gxh5 44. Kh4 Rf8 45. Rg7+ Kd6 46. Rb7 Kc6 47.
Rh7 Rg8 48. Rxh6 Kd7 49. Rxh5 Rg1 50. Rh7+ Kd6 51. Rh6 Ke7 52. Rh7+ Kd6 53. Rh5
Ke7 54. Re5 Kd6 55. Kh5 Rg3 56. Kh6 Rg1 57. Rg5 Re1 58. Re5 Rg1 59. Rg5 Re1 60.
Rg3 Ke7 61. Kg6 Rf1 62. Rg5 Rf3 63. Re5 Rg3+ 64. Kh5 Kd6 65. Kh4 Rg1 66. e4
dxe4 67. Rxe4 Rg2 68. Kh5 Rg3 69. Re5 Rxb3 70. Kg5 Rf3 71. Rb5 Kc6 72. Re5 Kd6
73. Rb5 Kc6 74. Re5 1/2-1/2

[Event "Moscow Aeroflot op-A"]
[Site "Moscow"]
[Date "2020.02.26"]
[Round "8"]
[White "Aleksandrov, Aleksej"]
[Black "Rakhmanov, Alexander"]
[Result "1/2-1/2"]
[WhiteElo "2592"]
[BlackElo "2645"]
[PlyCount "65"]
[EventDate "2020.02.19"]
[EventType "swiss"]
[EventRounds "9"]
[EventCountry "RUS"]
[SourceTitle "CBM 195"]
[Source "ChessBase"]
[SourceDate "2020.04.30"]
[SourceVersion "1"]
[SourceVersionDate "2020.04.30"]
[SourceQuality "1"]

1. d4 d5 2. c4 e6 3. Nf3 Nf6 4. e3 a6 5. a3 dxc4 6. Bxc4 c5 7. O-O Nc6 8. dxc5
Qxd1 9. Rxd1 Bxc5 10. b4 Be7 11. Bb2 O-O 12. Nbd2 Rd8 13. Nb3 Bd7 14. Be2 Nd5
15. Rac1 Be8 16. Nc5 Bxc5 17. Rxc5 Na7 18. g3 Bb5 19. Bxb5 Nxb5 20. Ra1 Rac8
21. Rac1 Rxc5 22. bxc5 Ne7 23. a4 Na7 24. Rb1 Nac6 25. Bc3 Rd3 26. Be1 Rd7 27.
Kf1 Ng6 28. Bc3 Rc7 29. Nd2 Nf8 30. Nb3 Nd7 31. Ke2 f6 32. e4 Kf7 33. Bd2
1/2-1/2

[Event "Moscow Aeroflot op-A"]
[Site "Moscow"]
[Date "2020.02.26"]
[Round "8"]
[White "Antipov, Mikhail Al"]
[Black "Deac, Bogdan Daniel"]
[Result "1/2-1/2"]
[WhiteElo "2562"]
[BlackElo "2626"]
[PlyCount "91"]
[EventDate "2020.02.19"]
[EventType "swiss"]
[EventRounds "9"]
[EventCountry "RUS"]
[SourceTitle "CBM 195"]
[Source "ChessBase"]
[SourceDate "2020.04.30"]
[SourceVersion "1"]
[SourceVersionDate "2020.04.30"]
[SourceQuality "1"]

1. e4 e5 2. Nf3 Nc6 3. Bc4 Nf6 4. d3 Bc5 5. c3 d6 6. Nbd2 a5 7. O-O O-O 8. h3
h6 9. Re1 a4 10. Nf1 Ra5 11. Bd2 b5 12. Bd5 Ne7 13. d4 exd4 14. b4 axb3 15.
cxd4 b2 16. Bxa5 bxa1=Q 17. Qxa1 Nfxd5 18. dxc5 Nf4 19. Rd1 d5 20. Ne3 Bb7 21.
Qe5 Neg6 22. Qxc7 Qxc7 23. Bxc7 Ne2+ 24. Kf1 dxe4 25. Ne5 Nc3 26. Nxg6 fxg6 27.
Rd6 Rc8 28. Rd7 Bc6 29. Re7 Re8 30. Rxe8+ Bxe8 31. a3 Kf7 32. Be5 Nb1 33. Nc2
Nd2+ 34. Ke2 Nc4 35. Bd4 h5 36. Nb4 g5 37. c6 Ke6 38. Bxg7 Kd6 39. Bh6 Bxc6 40.
Bxg5 Nxa3 41. Ke3 Nc4+ 42. Kd4 Bb7 43. Nc2 Nb2 44. Bf4+ Ke6 45. Be3 Nd3 46. f3
1/2-1/2

[Event "Moscow Aeroflot op-A"]
[Site "Moscow"]
[Date "2020.02.26"]
[Round "8"]
[White "Aryan, Chopra"]
[Black "Zvjaginsev, Vadim"]
[Result "1/2-1/2"]
[WhiteElo "2562"]
[BlackElo "2623"]
[PlyCount "80"]
[EventDate "2020.02.19"]
[EventType "swiss"]
[EventRounds "9"]
[EventCountry "RUS"]
[SourceTitle "CBM 195"]
[Source "ChessBase"]
[SourceDate "2020.04.30"]
[SourceVersion "1"]
[SourceVersionDate "2020.04.30"]
[SourceQuality "1"]

1. e4 e5 2. Nf3 Nc6 3. Bb5 Nf6 4. d3 d6 5. O-O a6 6. Ba4 b5 7. Bb3 Na5 8. Nc3
Be7 9. Bd2 c6 10. Ne2 Nxb3 11. axb3 Bg4 12. Ng3 Nh5 13. Nf5 Bxf5 14. exf5 Nf6
15. Ng5 O-O 16. Re1 Re8 17. Qf3 h6 18. Ne4 d5 19. Nxf6+ Bxf6 20. Qg3 Qd7 21.
Bxh6 Qxf5 22. Bd2 e4 23. Bc3 d4 24. Bd2 Qc5 25. c3 dxc3 26. Bxc3 Bxc3 27. bxc3
Qxc3 28. dxe4 Qxg3 29. hxg3 a5 30. Kf1 c5 31. Rec1 Rec8 32. Ke2 f6 33. b4 cxb4
34. Rxc8+ Rxc8 35. Rxa5 Rc5 36. Kd3 b3 37. Ra3 Rc2 38. Rxb3 Rxf2 39. Ke3 Rxg2
40. Kf3 Ra2 1/2-1/2

[Event "Moscow Aeroflot op-A"]
[Site "Moscow"]
[Date "2020.02.26"]
[Round "8"]
[White "Asadli, Vugar Afgan Oglu"]
[Black "Karthikeyan, Murali"]
[Result "1-0"]
[WhiteElo "2538"]
[BlackElo "2602"]
[PlyCount "91"]
[EventDate "2020.02.19"]
[EventType "swiss"]
[EventRounds "9"]
[EventCountry "RUS"]
[SourceTitle "CBM 195"]
[Source "ChessBase"]
[SourceDate "2020.04.30"]
[SourceVersion "1"]
[SourceVersionDate "2020.04.30"]
[SourceQuality "1"]

1. e4 c5 2. c3 Nf6 3. e5 Nd5 4. Nf3 d6 5. Bc4 e6 6. d4 Nc6 7. O-O cxd4 8. cxd4
Be7 9. Qe2 O-O 10. Rd1 Na5 11. Bb5 a6 12. Ba4 b5 13. Bc2 Nb4 14. exd6 Qxd6 15.
Be4 Bb7 16. Nc3 Nd5 17. Nxd5 Bxd5 18. Bf4 Qxf4 19. Bxd5 Rad8 20. Be4 Bf6 21.
Ne5 Bxe5 22. g3 Qg5 23. dxe5 Nc4 24. f4 Qe7 25. b3 Nb6 26. Qf2 Rxd1+ 27. Rxd1
Rd8 28. Rc1 Nd5 29. Qc5 Kf8 30. Bxd5 Rxd5 31. Qxd5 exd5 32. Rc8+ Qe8 33. Rxe8+
Kxe8 34. Kf2 Kd7 35. Ke3 Ke6 36. Kd4 b4 37. g4 g6 38. h4 h5 39. g5 Ke7 40. Kxd5
Kd7 41. Kc5 Ke6 42. Kxb4 Kf5 43. Kc5 Kg4 44. Kd6 Kxh4 45. f5 Kxg5 46. e6 1-0

[Event "Moscow Aeroflot op-A"]
[Site "Moscow"]
[Date "2020.02.26"]
[Round "8"]
[White "Badelka, Olga"]
[Black "Puranik, Abhimanyu Sameer"]
[Result "1/2-1/2"]
[WhiteElo "2404"]
[BlackElo "2597"]
[PlyCount "85"]
[EventDate "2020.02.19"]
[EventType "swiss"]
[EventRounds "9"]
[EventCountry "RUS"]
[SourceTitle "CBM 195"]
[Source "ChessBase"]
[SourceDate "2020.04.30"]
[SourceVersion "1"]
[SourceVersionDate "2020.04.30"]
[SourceQuality "1"]

1. c4 c5 2. Nf3 Nf6 3. d4 cxd4 4. Nxd4 g6 5. Nc3 Bg7 6. e4 Nc6 7. Be3 d6 8. Be2
O-O 9. O-O Bd7 10. h3 Nxd4 11. Bxd4 Bc6 12. Qc2 Qa5 13. a3 Rfc8 14. b4 Qc7 15.
Qd3 b6 16. Rac1 a5 17. Qe3 axb4 18. Nd5 Rxa3 19. Nxc7 Rxe3 20. Bxe3 Rxc7 21.
Rb1 Nxe4 22. Rxb4 Nc3 23. Bd3 Be4 24. Bxe4 Nxe4 25. Bxb6 Rc6 26. Be3 h5 27. Rc1
Nc3 28. Kf1 Na2 29. Rb8+ Kh7 30. Rc2 Nc3 31. Rb7 Bf6 32. g4 hxg4 33. hxg4 Nd5
34. Bc1 g5 35. Be3 Kg6 36. Ke2 Nc3+ 37. Kd3 Na4 38. Rb5 Nc5+ 39. Bxc5 dxc5 40.
Re2 Rd6+ 41. Kc2 Bd4 42. Rxe7 Rf6 43. Kd3 1/2-1/2

[Event "Moscow Aeroflot op-A"]
[Site "Moscow"]
[Date "2020.02.26"]
[Round "8"]
[White "Bharath, Subramaniyam H"]
[Black "Riazantsev, Alexander"]
[Result "1/2-1/2"]
[WhiteElo "2402"]
[BlackElo "2639"]
[PlyCount "96"]
[EventDate "2020.02.19"]
[EventType "swiss"]
[EventRounds "9"]
[EventCountry "RUS"]
[SourceTitle "CBM 195"]
[Source "ChessBase"]
[SourceDate "2020.04.30"]
[SourceVersion "1"]
[SourceVersionDate "2020.04.30"]
[SourceQuality "1"]

1. Nf3 d5 2. g3 Nd7 3. Bg2 e5 4. d3 Ngf6 5. O-O c6 6. e4 dxe4 7. dxe4 Bc5 8.
Qe2 O-O 9. Nbd2 Re8 10. b3 a5 11. Bb2 b5 12. a4 Ba6 13. axb5 cxb5 14. h3 Qb6
15. Rfd1 a4 16. Qe1 Bb7 17. bxa4 bxa4 18. Nc4 Qc7 19. Nfd2 Nb6 20. Na3 Ba6 21.
Nf1 Nc8 22. Ne3 Nd6 23. Bc3 Bb7 24. Nd5 Nxd5 25. exd5 Bxa3 26. Rxa3 Nb5 27. d6
Nxd6 28. Bxb7 Nxb7 29. Qe4 Nd6 30. Bxe5 Nxe4 31. Bxc7 Rec8 32. Rd4 f5 33. f3
Ng5 34. Bf4 Nxh3+ 35. Kg2 Nxf4+ 36. Rxf4 Rxc2+ 37. Kh3 Rf2 38. Rxf5 Ra6 39. Rf4
Rh6+ 40. Rh4 Rf6 41. Rf4 Rh6+ 42. Rh4 Rf6 43. Rf4 Rh6+ 44. Rh4 Rf6 45. Rf4 Rxf4
46. gxf4 Kf7 47. Kg3 Re2 48. Rxa4 Kf6 1/2-1/2

[Event "Moscow Aeroflot op-A"]
[Site "Moscow"]
[Date "2020.02.26"]
[Round "8"]
[White "Cordova, Emilio"]
[Black "Gadimbayli, Abdulla Azar"]
[Result "1/2-1/2"]
[WhiteElo "2593"]
[BlackElo "2460"]
[PlyCount "64"]
[EventDate "2020.02.19"]
[EventType "swiss"]
[EventRounds "9"]
[EventCountry "RUS"]
[SourceTitle "CBM 195"]
[Source "ChessBase"]
[SourceDate "2020.04.30"]
[SourceVersion "1"]
[SourceVersionDate "2020.04.30"]
[SourceQuality "1"]

1. d4 d5 2. Nf3 Nf6 3. c4 c6 4. e3 e6 5. Nbd2 Nbd7 6. b3 b6 7. Bd3 Bb7 8. O-O
Be7 9. Bb2 O-O 10. Qe2 Rc8 11. e4 dxe4 12. Nxe4 c5 13. Ng3 Bxf3 14. Qxf3 cxd4
15. Bxd4 Nc5 16. Rad1 Nxd3 17. Rxd3 Qc7 18. Nh5 e5 19. Nxf6+ Bxf6 20. Be3 Rfd8
21. Rfd1 Rxd3 22. Rxd3 Rd8 23. Rxd8+ Qxd8 24. g3 h6 25. h4 g5 26. h5 Kg7 27.
Kg2 Qd3 28. Qb7 e4 29. Qxa7 Qd1 30. Qxb6 Qf3+ 31. Kg1 Qd1+ 32. Kg2 Qf3+ 1/2-1/2

[Event "Moscow Aeroflot op-A"]
[Site "Moscow"]
[Date "2020.02.26"]
[Round "8"]
[White "Frolyanov, Dmitry"]
[Black "Kardashevskiy, Evgeny"]
[Result "0-1"]
[WhiteElo "2556"]
[BlackElo "2437"]
[PlyCount "66"]
[EventDate "2020.02.19"]
[EventType "swiss"]
[EventRounds "9"]
[EventCountry "RUS"]
[SourceTitle "CBM 195"]
[Source "ChessBase"]
[SourceDate "2020.04.30"]
[SourceVersion "1"]
[SourceVersionDate "2020.04.30"]
[SourceQuality "1"]

1. e4 c5 2. Nf3 Nc6 3. d4 cxd4 4. Nxd4 Nf6 5. Nc3 e5 6. Ndb5 d6 7. Nd5 Nxd5 8.
exd5 Ne7 9. c4 Ng6 10. Qa4 Bd7 11. Qb4 Qb8 12. h4 h5 13. Be3 a6 14. Nc3 Be7 15.
g3 a5 16. Qb3 a4 17. Qc2 f5 18. c5 O-O 19. Bb5 Qe8 20. Qe2 Bxb5 21. Nxb5 f4 22.
Nc7 Qc8 23. Nxa8 fxe3 24. Qxe3 Qxa8 25. O-O Qc8 26. cxd6 Bxd6 27. Qg5 Rf6 28.
Qxh5 Qh3 29. Rac1 e4 30. Rc3 Ne5 31. Qe8+ Kh7 32. Qh5+ Rh6 33. Qe2 Rxh4 0-1